Testamento y codicilo de Isabel la Católica
Guardat en:
| Format: | Llibre |
|---|---|
| Idioma: | espanyol |
| Publicat: |
Madrid
Ministerio de Asuntos Exteriores
1956
|
| Matèries: | |
| Etiquetes: |
Afegir etiqueta
Sense etiquetes, Sigues el primer a etiquetar aquest registre!
|
MARC
| LEADER | 00000nam a2200000 a 4500 | ||
|---|---|---|---|
| 001 | UCY4289 | ||
| 003 | CL-VaPUC | ||
| 008 | 950308e19560000SP |||||||||||||||||spa|d | ||
| 082 | 0 | 4 | |a 946 |b TES |2 21 |
| 245 | 1 | 0 | |a Testamento y codicilo de Isabel la Católica |
| 300 | |a 71 p | ||
| 942 | |c BK | ||
| 945 | |d 19950308 00:00:00 |a aalvarez | ||
| 260 | |a Madrid |b Ministerio de Asuntos Exteriores |c 1956 | ||
| 600 | 0 | 7 | |a ISABEL I, REINA DE ESPAÑA |2 CL-VaPUC |9 321369 |
| 650 | 0 | |a Testamento |9 258220 | |
| 651 | 0 | |a España |9 254926 | |
| 583 | |a last modification |c 19950308 00:00:00 |k Rodrigo Vera | ||
| 999 | |c 232189 |d 232187 | ||
| 952 | |0 0 |1 0 |4 0 |6 946_000000000000000_TES_1956 |7 0 |8 DER_HDC |9 236280 |a BIBDER |b BIBDER |d 2019-11-15 |i 3062007 |l 1 |o 946 TES 1956 |p 3062007 |r 2023-04-04 |s 2023-03-29 |w 2019-11-15 |x Ubicación 4to Piso |y BK |z Estos recursos deben solicitarse con anticipación |k DER | ||